Statistics for European companies in India

Click here to take the quiz!

General Stats

  • This quiz has been taken 8 times
  • The average score is 6 of 10

Answer Stats

Answer% Correct
{British East} india company
100%
{Dutch East} india company
83%
{French East} india company
83%
{Danish East} india company
50%
{Portuguese East} india company
50%
{Swedish East} india company
50%
{Danish West} india company
33%
{Dutch West} india company
33%
{French West} india company
33%
{Swedish West} india company
33%

Score Distribution

Percentile by Number Answered

Percent of People with Each Score

Your Score History

You have not taken this quiz